Macar Bilimler Akademisi Kütüphanesi'ndeki Türkçe el yazmaları kataloğu (Record no. 5340)

MARC details
000 -BAŞLIK
Sabit Uzunlukta Kontrol Alanı 00935na a2200289 4500
001 - KONTROL NUMARASI
Denetim Alanı 18288
003 - KONTROL NUMARASI IDENTIFIER
Denetim Alanı MIRAKIL
005 - SON İŞLEM TARİHİ VE ZAMANI
Denetim Alanı 20181213155033.0
008 - SABİT-BOY VERİ ELEMANLARI - GENEL BİLGİLER
Sabit Uzunlukta Kontrol Alanı 161116b tu 000 0
020 ## - ULUSLARARASI STANDART KİTAP NUMARASI
Uluslararası Standart Kitap Numarası 9789944252034
040 ## - KATALOGLAMA KAYNAK
Orijinal Kataloglama Ajansı Milas
Kataloglama Dili tur
Metne Dönüştürmek Ajansı TR-AnCHP
041 ## - DİL KODU
Metin / Ses Parça Veya Ayrı Başlığın Dil Kodu tur
082 ## - DEWEY ONLU SINIFLANDIRMA NUMARASI
Sınıflandırma Numarası 016.091
Ürün Numarası M21 2007
090 ## - SINIFLAMA NUMARASI
Sınıflama Numarası 016.091 M21 2007
245 ## - BAŞLIK TABLOSU
Başlık Macar Bilimler Akademisi Kütüphanesi'ndeki Türkçe el yazmaları kataloğu
Sorumluluk Tablosu, Vb [hazırlayanlar] İsmail Parlatır, György Hazai
246 ## - UNVAN FORM VARYING
Başlık Doğru / Kısa Başlığı Türkçe el yazmaları kataloğu
260 ## - YAYIN, DAĞITIM, VB
Yayın, Dağıtım, Vb Yeri Ankara
Yayıncı, Dağıtıcı, Vs Adı TÜBA
Yayın, Dağıtım, Vb Tarihi 2007
300 ## - FİZİKSEL TANIM
Kapsam xxx, 530, [32] s.
Boyutlar 27 sm.
490 ## - SERİSİ TABLOSU
Seri Beyanı Türkiye Bilimler Akademisi Yayınları
Hacim / Ardışık Tanımı 13
504 ## - KAYNAKÇA VB NOT
Kaynakça Vb Notu Kaynakça ve dizin var.
610 ## - KONU KATMA GİRİŞ - TOPLANTI ADI
Giriş Elemanı Olarak Kurumsal Ad Veya Yargı Alanı Adı Macar Bilimler Akademisi
Genel Alt Bölüm Kataloglar
650 ## - KONU KATMA GİRİŞ - TOPİKAL DÖNEM
Topikal Süreli Veya Coğrafi Ad Giriş Elemanı Tükçe el yazmaları
Genel Alt Bölümü Kataloglar
650 ## - KONU KATMA GİRİŞ - TOPİKAL DÖNEM
Topikal Süreli Veya Coğrafi Ad Giriş Elemanı El yazmaları
Genel Alt Bölümü Kataloglar
700 ## - KATMA GİRİŞ - KİŞİSEL İSİM
Kişisel Ad Hazai, György
700 ## - KATMA GİRİŞ - KİŞİSEL İSİM
Kişisel Ad Parlatır, İsmail
942 ## - EKLENDİ GİRİŞ ELEMANLARI (KOHA)
Sınıflandırma Veya Raf Düzeni Kaynak
Koha Öğesi Türü Books
999 ## - SİSTEM KONTROL NUMARALARI (KOHA)
Koha Biblionumber 5340
Koha Biblioitemnumber 5340
Holdings
Kalıcı Konum Mevcut Konum Edinme Tarihi Edinim Kaynak Toplam Check-Out'Lar Tam Çağrı Numarası Barkod Tarih Son Görülme İtibaren Geçerli Fiyatlar Koha Öğesi Türü
CHP Kütüphanesi CHP Kütüphanesi 11/16/2016 Bağış   016.091 M21 2007 008684 11/16/2016 11/16/2016 Books